00474nam a2200169Ia 4500003000900000008004100009020001600050040001600066080001700082100001700099245006100116260004900177300001500226490003100241650001300272650001900285IN-BaIIA211028s9999 xx 000 0 eng d a340-05344-5 cIIA Library a512.643bBIC aBickley, W.G 0aMatricesbtheir meaning and manipulation.cBickley W. G. aLondonbThe English Universities Pressc1964 axiii,168p. aGeneral engineering series aMatrices aNASA Thesaurus